000 00241nam a22001097a 4500
008 160512b xxu||||| |||| 00| 0 eng d
020 _a02725231
041 _aeng
080 _a616.12
245 _aClinics in chest medicine:
942 _2udc
_cBK
999 _c2129
_d2129